Cable Suspended Roofs (Record no. 195015)

MARC details
000 -LEADER
fixed length control field 00534nam a2200205Ia 4500
005 - DATE AND TIME OF LATEST TRANSACTION
control field 20260531145103.0
008 - FIXED-LENGTH DATA ELEMENTS--GENERAL INFORMATION
fixed length control field 260531s9999 xx 000 0 und d
020 ## - INTERNATIONAL STANDARD BOOK NUMBER
International Standard Book Number 9781259028472
041 ## - LANGUAGE CODE
Language code of text/sound track or separate title English
082 ## - DEWEY DECIMAL CLASSIFICATION NUMBER
Classification number 624.21 KRI
100 ## - MAIN ENTRY--PERSONAL NAME
Personal name Krishna (Prem)
245 #0 - TITLE STATEMENT
Title Cable Suspended Roofs
250 ## - EDITION STATEMENT
Edition statement 2
260 ## - PUBLICATION, DISTRIBUTION, ETC.
Name of publisher, distributor, etc. Mcgraw Hill Education (India) Private Limited
Place of publication, distribution, etc. New Delhi
Date of publication, distribution, etc. 2013
300 ## - PHYSICAL DESCRIPTION
Other physical details Paper Back
Extent 285+16
563 ## - BINDING INFORMATION
Binding note Paper Back
650 ## - SUBJECT ADDED ENTRY--TOPICAL TERM
Topical term or geographic name entry element  Bridge Engineering
700 ## - ADDED ENTRY--PERSONAL NAME
Personal name Godbole (P N)
942 ## - ADDED ENTRY ELEMENTS (KOHA)
Koha item type Books
Holdings
Withdrawn status Lost status Damaged status Not for loan Home library Current library Shelving location Date acquired Total Checkouts Full call number Barcode Date last seen Price effective from Koha item type Public note
        Kumaraguru College of Technology Kumaraguru College of Technology MGCL Shelf No 522 2026-04-29   624.21 KRI Z 19181 2026-05-31 2026-05-31 Books CE

Visitor Number: